Countries and Territories that Aren't Members of FIFA - Statistics

General Stats
  • This quiz has been taken 22 times
  • The average score is 21 of 39
Answer Stats
Answer % Correct
Vatican City
89%
Greenland
68%
Guadeloupe
68%
Isle of Man
68%
Jersey
68%
Marshall Islands
68%
Nauru
68%
Niue
68%
Palau
68%
Martinique
63%
Transnistria
63%
Tuvalu
63%
Abkhazia
58%
Federated States of Micronesia
58%
Guernsey
58%
Kiribati
58%
Monaco
58%
Pitcairn Islands
58%
South Ossetia
58%
Western Sahara
58%
Christmas Island
53%
French Guiana
53%
Mayotte
53%
Northern Cyprus
53%
Réunion
53%
Saint Barthélemy
53%
Saint Martin
53%
Saint Pierre and Miquelon
53%
Tokelau
53%
Northern Mariana Islands
47%
Saint Helena, Ascension, and Tristan da Cunha
47%
United Kingdom
47%
Wallis and Futuna
47%
Cocos (Keeling) Island
42%
Sint Maarten
42%
Somaliland
42%
Norfolk Island
37%
Svalbard andJan Mayen
21%
CaribbeanNetherlands
11%
No matching quizzes found
Score Distribution
Percent of People with Each Score
Percentile by Number Answered
Your Score History
You have not taken this quiz